[Event "Titled Tuesday intern op 02nd Apr Early"]
[Site "Chess.com INT"]
[Date "2024.04.02"]
[Round "10"]
[White "Hubbard, Andrew"]
[Black "Mei, Austin"]
[Result "0-1"]
[WhiteElo "2109"]
[BlackElo "2280"]
[PlyCount "66"]
[EventDate "2024.04.02"]
[EventType "swiss (blitz)"]
[EventRounds "11"]
[EventCountry "USA"]
[SourceTitle "CB15_2024"]
[SourceDate "2024.04.10"]
[SourceVersion "1"]
[SourceVersionDate "2024.04.10"]
[SourceQuality "1"]

1. d4 f5 2. g3 Nf6 3. Bg2 e6 4. Nf3 Be7 5. 0-0 0-0 6. c4 d6 7. b4 a5 8. b5 Qe8 9. a4 Ne4 10. Qb3 Bf6 11. e3 Nd7 12. Nfd2 Ng5 13. Nc3 e5 14. dxe5 dxe5 15. Ba3 Be7 16. c5+ Kh8 17. c6 bxc6 18. Bxc6 Rb8 19. Nd5 Bxa3 20. Qxa3 Qh5 21. f4 exf4 22. exf4 Ne6 23. Ne7 Nf6 24. Bf3 Ng4 25. Rf2 Bb7 26. Re2 Nd4 27. Bxb7 Nxe2+ 28. Kf1 Qxh2 29. Bg2 Nxg3+ 30. Ke1 Qxg2 31. Kd1 Rbd8 32. Ra2 Qe2+ 33. Kc1 Qe1+ 0-1

[Event "Titled Tuesday intern op 02nd Apr Early"]
[Site "Chess.com INT"]
[Date "2024.04.02"]
[Round "11"]
[White "Osiecki, Stanislaw"]
[Black "Hubbard, Andrew"]
[Result "0-1"]
[WhiteElo "1959"]
[BlackElo "2109"]
[PlyCount "124"]
[EventDate "2024.04.02"]
[EventType "swiss (blitz)"]
[EventRounds "11"]
[EventCountry "USA"]
[SourceTitle "CB15_2024"]
[SourceDate "2024.04.10"]
[SourceVersion "1"]
[SourceVersionDate "2024.04.10"]
[SourceQuality "1"]

1. e4 e6 2. d4 d5 3. e5 c5 4. c3 Nc6 5. Nf3 Bd7 6. dxc5 Bxc5 7. Bd3 f6 8. exf6 Nxf6 9. 0-0 0-0 10. Bg5 Qe8 11. Qc2 Qh5 12. Bxf6 Rxf6 13. Be2 Rh6 14. h3 Rf8 15. Nh2 Qg5 16. Ng4 Rh4 17. Qd2 Qg6 18. Bd3 Qh5 19. Be2 Qf7 20. Bf3 h5 21. Ne3 Rxh3 22. gxh3 Qxf3 23. Ng2 Qxh3 24. Qg5 Qf3 25. Qh4 Be7 26. Qg3 Qxg3 27. fxg3 Bc5+ 28. Ne3 Bxe3+ 29. Kg2 Rxf1 30. Kxf1 Ne5 31. Ke2 Ng4 32. Na3 Bf2 33. Rf1 Bxg3 34. Rh1 g6 35. Kf3 Bd6 36. Nc2 e5 37. Rd1 Bc6 38. Ke2 h4 39. Rh1 Kg7 40. Rxh4 Bd7 41. Rh1 Nf6 42. Rg1 Bc6 43. Ne3 Bb5+ 44. Kd2 Bc6 45. b4 b5 46. a3 d4 47. Ng4 Ne4+ 48. Kd3 Nxc3 49. Nf2 Bd5 50. Rh1 Bc4+ 51. Kc2 e4 52. Ng4 Be7 53. Rh2 Be6 54. Ne5 Bf6 55. Nc6 d3+ 56. Kd2 Bg5+ 57. Kxc3 Bf5 58. Nd4 d2 59. Rh1 Bg4 60. Ne6+ Bxe6 61. Kd4 Bg4 62. Kxe4 d1Q 0-1

[Event "Titled Tuesday intern op 06th Feb Late"]
[Site "Chess.com INT"]
[Date "2024.02.06"]
[Round "6"]
[White "Hubbard, Andrew"]
[Black "Tan, Ralph"]
[Result "0-1"]
[WhiteElo "2109"]
[BlackElo "2004"]
[PlyCount "60"]
[EventDate "2024.02.06"]
[EventType "swiss (blitz)"]
[EventRounds "11"]
[EventCountry "USA"]
[SourceTitle "CB07_2024"]
[SourceDate "2024.02.14"]
[SourceVersion "1"]
[SourceVersionDate "2024.02.14"]
[SourceQuality "1"]

1. d4 d5 2. c4 e6 3. Nc3 Be7 4. cxd5 exd5 5. Bf4 c6 6. e3 Bd6 7. Bxd6 Qxd6 8. Bd3 Ne7 9. Qc2 g6 10. h4 Bf5 11. h5 Nd7 12. 0-0-0 Nf6 13. hxg6 fxg6 14. f3 Bxd3 15. Qxd3 0-0 16. Nge2 b5 17. Rh3 b4 18. Na4 Rae8 19. Rdh1 Nf5 20. e4 dxe4 21. fxe4 Rxe4 22. Rxh7 Rxe2 23. Rh8+ Kg7 24. Rxf8 Qf4+ 25. Kb1 Re3 26. Qc4 Qe4+ 27. Kc1 Re1+ 28. Rxe1 Qxe1+ 29. Kc2 Ne3+ 30. Kd3 Nxc4 0-1

[Event "Titled Tuesday intern op 06th Feb Late"]
[Site "Chess.com INT"]
[Date "2024.02.06"]
[Round "7"]
[White "Souza, Gustavo Horokoski"]
[Black "Hubbard, Andrew"]
[Result "1-0"]
[WhiteElo "1898"]
[BlackElo "2109"]
[PlyCount "89"]
[EventDate "2024.02.06"]
[EventType "swiss (blitz)"]
[EventRounds "11"]
[EventCountry "USA"]
[SourceTitle "CB07_2024"]
[SourceDate "2024.02.14"]
[SourceVersion "1"]
[SourceVersionDate "2024.02.14"]
[SourceQuality "1"]

1. d4 Nf6 2. c4 e6 3. Nc3 Bb4 4. e3 b6 5. Nge2 Ne4 6. Qc2 Bb7 7. a3 Bxc3+ 8. Nxc3 Nxc3 9. Qxc3 0-0 10. f3 d6 11. Bd3 Nd7 12. 0-0 c5 13. b4 Qc7 14. Bb2 cxd4 15. exd4 e5 16. dxe5 dxe5 17. Rad1 Rad8 18. Rfe1 f6 19. Bf5 Rfe8 20. Rd3 Nf8 21. Red1 g6 22. Bh3 Rxd3 23. Qxd3 e4 24. fxe4 Bxe4 25. Qd6 Qxd6 26. Rxd6 f5 27. g4 f4 28. g5 Bb7 29. Bf6 Bc8 30. Bg2 Ne6 31. Bd5 Kf7 32. Rc6 Bb7 33. Rc7+ Kf8 34. Rxb7 f3 35. Kf2 h6 36. Rxa7 hxg5 37. Bxe6 Rxe6 38. Bxg5 Re2+ 39. Kxf3 Rxh2 40. c5 bxc5 41. bxc5 Rc2 42. a4 Rc4 43. a5 Rxc5 44. Be7+ Kg8 45. Bxc5 1-0

[Event "Titled Tuesday intern op 23rd Jan Late"]
[Site "Chess.com INT"]
[Date "2024.01.23"]
[Round "11"]
[White "Hubbard, Andrew"]
[Black "Bogaudinov, Rushan"]
[Result "1-0"]
[WhiteElo "2140"]
[BlackElo "1853"]
[PlyCount "149"]
[EventDate "2024.01.23"]
[EventType "swiss (blitz)"]
[EventRounds "11"]
[EventCountry "USA"]
[SourceTitle "CB05_2024"]
[SourceDate "2024.01.31"]
[SourceVersion "1"]
[SourceVersionDate "2024.01.31"]
[SourceQuality "1"]

1. d4 e6 2. c4 Nf6 3. Nf3 Bb4+ 4. Bd2 a5 5. g3 0-0 6. Bg2 d5 7. 0-0 Nc6 8. Bg5 dxc4 9. e4 h6 10. Bxf6 Qxf6 11. a3 Be7 12. e5 Qg6 13. Qc1 b5 14. Nh4 Bxh4 15. Bxc6 Bg5 16. Qe1 Rb8 17. Qxa5 Bb7 18. Bxb7 Rxb7 19. f4 Be7 20. Nc3 c6 21. Qa6 Rfb8 22. Qxc6 b4 23. axb4 Rxb4 24. Nd1 h5 25. d5 exd5 26. Qxd5 h4 27. Qg2 Bc5+ 28. Kh1 Bd4 29. gxh4 Qxg2+ 30. Kxg2 Bxb2 31. Nxb2 Rxb2+ 32. Rf2 c3 33. Rc1 Rxf2+ 34. Kxf2 Rc8 35. Ke3 c2 36. Kd3 Rd8+ 37. Kxc2 Rd4 38. Rf1 g6 39. Kc3 Rd8 40. Rf2 Kg7 41. Rd2 Rh8 42. Kd4 Rxh4 43. Ke4 g5 44. Rf2 gxf4 45. Rxf4 Rxh2 46. Rg4+ Kf8 47. Kf5 Rf2+ 48. Rf4 Ra2 49. Rd4 Ra6 50. Ke4 Kg7 51. Rb4 Rh6 52. Kd5 Ra6 53. Rf4 Kg6 54. Ke4 Ra4+ 55. Kf3 Ra3+ 56. Kg4 Re3 57. Rf6+ Kg7 58. Kf4 Re1 59. Rf5 Rf1+ 60. Ke4 Re1+ 61. Kd5 Rd1+ 62. Kc6 Kg6 63. Rf6+ Kg7 64. Rf4 Rd2 65. Re4 Kf8 66. Kc5 Ke7 67. Rd4 Ke6 68. Rxd2 Kxe5 69. Re2+ Kf4 70. Kd5 f5 71. Re5 Kg4 72. Kd4 Kf4 73. Rd5 Kg4 74. Ke5 f4 75. Rd4 1-0

[Event "Titled Tuesday intern op 23rd Jan Late"]
[Site "Chess.com INT"]
[Date "2024.01.23"]
[Round "1"]
[White "Vestby Ellingsen, Mads"]
[Black "Hubbard, Andrew"]
[Result "1-0"]
[WhiteElo "2329"]
[BlackElo "2140"]
[PlyCount "145"]
[EventDate "2024.01.23"]
[EventType "swiss (blitz)"]
[EventRounds "11"]
[EventCountry "USA"]
[SourceTitle "CB05_2024"]
[SourceDate "2024.01.31"]
[SourceVersion "1"]
[SourceVersionDate "2024.01.31"]
[SourceQuality "1"]

1. b3 e5 2. Bb2 d6 3. e3 Nd7 4. d3 f5 5. c4 Ngf6 6. Nc3 g6 7. g3 Bg7 8. Bg2 0-0 9. Nge2 c6 10. 0-0 Rf7 11. Qd2 Nf8 12. d4 Qc7 13. Rad1 Bd7 14. dxe5 dxe5 15. Na4 Re8 16. Qd6 Qxd6 17. Rxd6 g5 18. Rfd1 Ng6 19. Nc5 Bc8 20. Rd8 Rff8 21. Rxe8 Rxe8 22. Kf1 Bf8 23. Nd3 Kf7 24. Ne1 h5 25. Nc2 a5 26. a3 Bg7 27. b4 axb4 28. axb4 h4 29. b5 cxb5 30. cxb5 hxg3 31. hxg3 f4 32. gxf4 gxf4 33. exf4 Nxf4 34. Nxf4 exf4 35. Nb4 Be6 36. b6 Bc4+ 37. Kg1 Re7 38. Rc1 Be2 39. Bxf6 Bxf6 40. Nd5 Rd7 41. Rc7 Bg4 42. Nxf4 Be5 43. Nd3 Bxc7 44. bxc7 Rxc7 45. Ne5+ Ke6 46. Nxg4 Rc1+ 47. Kh2 b5 48. Kg3 b4 49. Ne3 b3 50. Bd5+ Ke5 51. Bxb3 Rg1+ 52. Kf3 Rg7 53. Bc2 Rf7+ 54. Ke2 Kd4 55. Nf5+ Ke5 56. Ke3 Rc7 57. Bd3 Rc3 58. f4+ Kf6 59. Ng3 Ra3 60. Ne4+ Ke6 61. Nf2 Kf6 62. Ke4 Ra4+ 63. Kf3 Ke6 64. Be4 Kf6 65. Kg4 Rb4 66. Kf3 Rb3+ 67. Kg2 Rb2 68. Kg3 Rb3+ 69. Bf3 Kf5 70. Ng4 Rb4 71. Ne3+ Kf6 72. Nd5+ Kf5 73. Nxb4 1-0

[Event "Warren Motor City op"]
[Site "Warren"]
[Date "2001.11.24"]
[Round "4"]
[White "Robertson, John"]
[Black "Hubbard, Andrew"]
[Result "1/2-1/2"]
[WhiteElo "1538"]
[BlackElo "1713"]
[PlyCount "75"]
[EventDate "2001.11.24"]
[EventType "swiss"]
[EventRounds "7"]
[EventCountry "USA"]
[SourceTitle "EXT 2007"]
[Source "ChessBase"]
[SourceDate "2006.11.23"]
[SourceVersion "1"]
[SourceVersionDate "2006.11.23"]
[SourceQuality "1"]

1. e4 e6 2. d4 d5 3. Nd2 Nf6 4. e5 Nfd7 5. f4 c5 6. c3 Nc6 7. Ndf3 Be7 8. Bd3 f6 9. Ne2 0-0 10. 0-0 Rb8 11. g4 b5 12. Qe1 Re8 13. Qg3 b4 14. f5 Nf8 15. exf6 Bxf6 16. g5 exf5 17. gxf6 Qxf6 18. Bg5 Qf7 19. Bf4 Rb7 20. dxc5 bxc3 21. bxc3 Ne6 22. Bd6 Rb2 23. Rfe1 a5 24. Ned4 Ncd8 25. Nxe6 Nxe6 26. Nd4 Rd2 27. Nxe6 Rxe6 28. Bf4 Rxe1+ 29. Rxe1 Rxa2 30. Qg5 Qa7 31. Re7 Qxc5+ 32. Be3 Qxc3 33. Re8+ Kf7 34. Qe7+ Kg6 35. Qg5+ Kf7 36. Qe7+ Kg6 37. Qg5+ Kf7 38. Qe7+ 1/2-1/2